Loading...
Youth participation in agriculture and development /
| Main Author: | |
|---|---|
| Format: | Printed Book |
| Language: | English |
| Published: |
Allahabad :
Chugh,
1978
|
| LEADER | 00542nam a22001577a 4500 | ||
|---|---|---|---|
| 003 | OSt | ||
| 005 | 20200624134510.0 | ||
| 008 | 150919b xxu||||| |||| 00| 0 eng d | ||
| 082 | |a 338.1 GAN/Y | ||
| 100 | |a Ganorkar, P. L. | ||
| 245 | |a Youth participation in agriculture and development / |c P. L. Ganorkar | ||
| 260 | |a Allahabad : |b Chugh, |c 1978 | ||
| 300 | |a 149p. | ||
| 942 | |2 ddc |c BK | ||
| 999 | |c 321989 |d 321989 | ||
| 952 | |0 0 |1 0 |2 ddc |4 0 |6 338_100000000000000_GAN_Y |7 0 |9 368430 |a CSC |b CSC |c ST1 |d 2015-09-19 |i 3694 |l 0 |o 338.1 GAN/Y |p CSC3694 |r 2015-09-19 |w 2015-09-19 |y BK | ||